| 000 | 00654nam a22001817a 4500 | ||
|---|---|---|---|
| 003 | BD-DhUL | ||
| 005 | 20180307093435.0 | ||
| 008 | 161030s1921 ii |||| |||| 000 0 ben d | ||
| 040 |
_cBD-DhUL _dBD-DhUL |
||
| 082 |
_a891.443 _bJAS |
||
| 100 | 1 | _aসেন, জলধর। | |
| 245 | 1 | 0 |
_aসোনার বালা / _cশ্রীজলধর সেন। |
| 260 |
_aকলিকাতা : _bশ্রীশীতলচন্দ্র ভট্টাচার্য, _c১৯২১। |
||
| 300 |
_a১৮৪ পৃ. ; _c১৮ সেমি. |
||
| 650 | 4 | _aবাংলা উপন্যাস | |
| 650 | 4 | _aBengali fiction | |
| 942 |
_2ddc _cBK |
||
| 999 |
_c238968 _d238968 |
||